00918 a2200193 45000010006000000050017000060080041000230030015000640400040000790800085001192450035002040200022002392640070002613000019003315050248003500410008005981000019006068560099006256067820260407155858.0260407a2003 arg spa dAR-UNSa-BCEJYS aAR-UNSa-BCEJYSbspacAR-UNSa-BCEJYS a330.342.146xEconomía social de mercado. Economía del estado del bienestar 10aTrueque y economía solidaria a978-987-21089-0-8 1aLos Polvorines :bUniversidad Nacional de General Sarmientoc2003 a324 p.c23 cm. a1. Condiciones para el desarrollo del trueque como componente de la economía social - 2. Aspectos relativos a la moneda de las redes de trueque – 3. Las redes de trueque en la Argentina: racionalidades, conflictos y proyectos alternativos  aspa1 aHintze, Susana41uhttps://www.biblioeco.unsa.edu.ar/pmb/images/libros/L129302.jpgyImagen de portadaqimage/jpeg